| 000 | 00751nam a2200229 a 4500 | ||
|---|---|---|---|
| 001 | 49007 | ||
| 003 | BD-RjUL | ||
| 005 | 20211209054624.0 | ||
| 008 | 160817s1968 bg ||||| |||| 00| 0 ben d | ||
| 020 | _cTK:3.00 | ||
| 035 | _a(BD-RjUL)49126 | ||
| 040 |
_aBD-RjUL _bben _cBD-RjUL |
||
| 041 | _aben | ||
| 082 |
_223 _a891.441 _bAHU 1968 |
||
| 100 |
_aআহসান, সৈয়দ আলী _9147509 |
||
| 245 | 1 | 0 |
_aউচ্চারণ / _cসৈয়দ আলী আহসান |
| 260 |
_aঢাকা : _bআহমদ পাবলিশং হাউস, _c১৯৬৮ |
||
| 300 |
_a[৮] ৯৮পৃ. ; _c২২ সেমি. |
||
| 650 |
_aবাংলা কবিতা _9147510 |
||
| 650 |
_aBengali poetry _9147511 |
||
| 942 |
_2ddc _cBK |
||
| 999 |
_c49007 _d49007 |
||